|
|
|
|
| LEADER |
00000cam a2200000 7i4500 |
| 001 |
0000013562 |
| 005 |
20080117.0 |
| 008 |
170108 |
| 020 |
|
|
|a 9833128696
|
| 090 |
0 |
0 |
|a 297.217
|b ABD
|
| 245 |
0 |
0 |
|a 80 rahsia jin, syaitan & iblis
|c Abdur Rahman Syukur
|
| 260 |
|
|
|a Kuala Lumpur :
|b Jasmin Enterprise ,
|c 2005
|
| 650 |
|
0 |
|a Devil
|x Islam
|
| 650 |
|
0 |
|a Jinn
|
| 650 |
|
0 |
|a Jinn
|x Koranic teaching
|
| 740 |
1 |
|
|a Lapan puluh rahsia jin, syaitan & Iblis
|
| 999 |
|
|
|a 0001008822
|b Book
|c Adult Collection
|e Perbadanan Perpustakaan Awam Johor
|
| 999 |
|
|
|a 0001008823
|b Book
|c Adult Collection
|e Perbadanan Perpustakaan Awam Johor
|
| 999 |
|
|
|a 0001008824
|b Book
|c Adult Collection
|e Perbadanan Perpustakaan Awam Johor
|